| 000 | 01274nam a2200181 a 4500 | ||
|---|---|---|---|
| 008 | 120416s1956 ||||||||||||||||| || u | ||
| 050 | _aTH 2031 Ket | ||
| 100 | _aKetchum, Milo Smith | ||
| 245 | 1 | 0 | _aHandbook of standard structural details for buildings |
| 260 |
_aEanglewood Cliffs _bFT Prentice-Hall _c1956 |
||
| 350 | _a0.00 | ||
| 995 |
_aTEXTBOOKS (SBE) _D0.00 _e2685 _FCBU-SCHOOL TEXTBOOK COLLECTIONS _H1 _I0.00 _jSCHOOL TEXTBOOK _M3 _UAVAILABLE _WNov 20, 2008 _y2685 _ZSchool Collections |
||
| 995 |
_aMAIN LIBRARY OPEN ACCESS _D0.00 _e716761 _FCBU-MAIN LIBRARY (Kitwe) _H1 _I3.00 _jTH 2031 Ket _M1 _UAVAILABLE _y015316 _ZMain Library Open Access Collection |
||
| 995 |
_aTEXTBOOKS (SBE) _D0.00 _e2689 _FCBU-SCHOOL TEXTBOOK COLLECTIONS _H1 _I0.00 _jSCHOOL TEXTBOOK _M4 _UAVAILABLE _WNov 20, 2008 _y2689 _ZSchool Collections |
||
| 995 |
_aTEXTBOOKS (SBE) _D0.00 _e5265 _FCBU-SCHOOL TEXTBOOK COLLECTIONS _H1 _I0.00 _jSCHOOL TEXTBOOK _M6 _UAVAILABLE _WSep 3, 2009 _y5265 _ZSchool Collections |
||
| 995 |
_aANNEX COLLECTION (Main Library) _D0.00 _e720622 _FCBU-MAIN LIBRARY (Kitwe) _H2 _I3.00 _jTH 2031 Ket _M2 _UAVAILABLE _y015317 _ZAnnex Low-Usage Collection |
||
| 995 |
_aTEXTBOOKS (SBE) _D0.00 _e5264 _FCBU-SCHOOL TEXTBOOK COLLECTIONS _H1 _I0.00 _jSCHOOL TEXTBOOK _M5 _UAVAILABLE _WSep 3, 2009 _y5264 _ZSchool Collections |
||
| 999 |
_c76115 _d76115 |
||